Handbook of energy efficiency in buildings : a life cycle approach /

Handbook of Energy Efficiency in Buildings: A Life Cycle Approach offers a comprehensive and in-depth coverage of the subject with a further focus on the Life Cycle. The editors, renowned academics, invited a diverse group of researchers to develop original chapters for the book and managed to well...

Full description

Bibliographic Details
Corporate Author: ScienceDirect (Online service)
Other Authors: Asdrubali, Francesco (Editor), Desideri, Umberto (Editor)
Format: eBook
Language:English
Published: Oxford, United Kingdom ; Cambridge, MA : Butterworth-Heinemann, an imprint of Elsevier, [2019]
Subjects:
Online Access:Connect to the full text of this electronic book

MARC

Tag First Indicator Second Indicator Subfields
LEADER 00000cam a2200000 i 4500
001 in00005763921
005 20260327154022.1
006 m o d
007 cr cnu|||unuuu
008 181114t20192019enk ob 001 0 eng d
040 |a N$T  |b eng  |e rda  |e pn  |c N$T  |d N$T  |d OPELS  |d OCLCF  |d YDX  |d MERER  |d DKU  |d OCLCQ  |d YDXIT  |d SFB  |d S2H  |d OCLCO  |d OCLCQ  |d OCLCO  |d COM  |d OCLCQ  |d OCLCO  |d OCLCL  |d OCLCQ  |d OCLCL 
019 |a 1175823180 
020 |a 9780128128183  |q (electronic book) 
020 |a 0128128186  |q (electronic book) 
020 |a 0128128178 
020 |a 9780128128176 
020 |z 9780128128176 
035 |a (OCoLC)1065522959  |z (OCoLC)1175823180 
050 4 |a TJ163.5.B84  |b H35 2019 
072 7 |a TEC  |x 000000  |2 bisacsh 
082 0 4 |a 696  |2 23 
049 |a TXAM 
245 0 0 |a Handbook of energy efficiency in buildings :  |b a life cycle approach /  |c edited by Francesco Asdrubali, Umberto Desideri. 
264 1 |a Oxford, United Kingdom ;  |a Cambridge, MA :  |b Butterworth-Heinemann, an imprint of Elsevier,  |c [2019] 
264 4 |c ©2019 
300 |a 1 online resource 
336 |a text  |b txt  |2 rdacontent 
337 |a computer  |b c  |2 rdamedia 
338 |a online resource  |b cr  |2 rdacarrier 
504 |a Includes bibliographical references and index. 
520 |a Handbook of Energy Efficiency in Buildings: A Life Cycle Approach offers a comprehensive and in-depth coverage of the subject with a further focus on the Life Cycle. The editors, renowned academics, invited a diverse group of researchers to develop original chapters for the book and managed to well integrate all contributions in a consistent volume. Sections cover the role of the building sector on energy consumption and greenhouse gas emissions, international technical standards, laws and regulations, building energy efficiency and zero energy consumption buildings, the life cycle assessment of buildings, from construction to decommissioning, and other timely topics. The multidisciplinary approach to the subject makes it valuable for researchers and industry based Civil, Construction, and Architectural Engineers. Researchers in related fields as built environment, energy and sustainability at an urban scale will also benefit from the books integrated perspective. 
588 0 |a Online resource; title from digital title page (viewed on April 24, 2019). 
505 0 |a Introduction -- Policies, Recommendations and Standards (International Technical Standards, Main Laws and Regulations; EU Directives; Energy Labeling) -- From Efficient to Sustainable and Zero Energy Consumption Buildings -- Life-Cycle Assessment of Buildings -- Steady-State and Dynamic Codes, Critical Review, Advantages and Disadvantages, Accuracy, and Reliability -- Building Envelope -- High Efficiency Plants and Building Integrated Renewable Energy Systems -- Building Automation for Energy Efficiency -- Energy Efficiency in Building Renovation -- Conclusions. 
650 0 |a Buildings  |x Energy conservation. 
650 0 |a Buildings  |x Energy consumption. 
650 2 |a Sustainable Development 
650 2 |a Construction Industry 
650 6 |a Constructions  |x Économies d'énergie. 
650 6 |a Constructions  |x Consommation d'énergie. 
650 7 |a TECHNOLOGY & ENGINEERING  |x General.  |2 bisacsh 
650 7 |a Buildings  |x Energy conservation  |2 fast 
650 7 |a Buildings  |x Energy consumption  |2 fast 
655 7 |a Electronic books.  |2 local 
655 7 |a Handbooks and manuals  |2 fast 
700 1 |a Asdrubali, Francesco,  |e editor. 
700 1 |a Desideri, Umberto,  |e editor. 
710 2 |a ScienceDirect (Online service) 
758 |i has work:  |a Handbook of energy efficiency in buildings (Text)  |1 https://id.oclc.org/worldcat/entity/E39PCGCGqHGWbx9xmffgp6vQG3  |4 https://id.oclc.org/worldcat/ontology/hasWork 
856 4 0 |u http://proxy.library.tamu.edu/login?url=https://www.sciencedirect.com/science/book/9780128128176  |z Connect to the full text of this electronic book  |t 0 
955 |a Elsevier ScienceDirect 2026-2027 
955 |a Knovel ebooks 
994 |a 92  |b TXA 
999 f f |i d3c541c4-9ef6-4383-838c-5a4b6cdb0406  |s 6dfc2054-d958-4c6e-91f2-8e30856f8391  |t 0 
952 f f |a Texas A&M University  |b College Station  |c Electronic Resources  |s www_evans  |d Available Online  |t 0  |e TJ163.5.B84 H35 2019  |h Library of Congress classification 
998 f f |a TJ163.5.B84 H35 2019  |t 0  |l Available Online